Faultes faults, and nothing else but faultes, (1606) /

Uloženo v:
Podrobná bibliografie
Hlavní autor: Rich, Barnabe, 1540?-1617
Další autoři: Wolf, Melvin H.
Médium: Kniha
Jazyk:English
Vydáno: Gainesville, Florida : Scholars' Facsimiles & Reprints, 1965.
Témata:
LEADER 00876nam a22002051 4500
001 c000368825
003 CARM
005 00000000000000.0
008 851211s1965 flu 0 eng d
019 1 |a 4173259  |z 45147028  |z 20894022  |z 54289991  |5 LACONCORD2021 
035 |a (OCoLC)2872294  |5 LACONCORD2021 
100 1 |a Rich, Barnabe,  |d 1540?-1617. 
245 1 0 |a Faultes faults, and nothing else but faultes, (1606) /  |c by B.Rich; a facsimile reproduction ed. with intro. and notes by M.H.Wolf. 
260 |a Gainesville, Florida :  |b Scholars' Facsimiles & Reprints,  |c 1965. 
600 1 0 |a Rich, Barnaby. 
700 1 |a Wolf, Melvin H. 
852 8 |b CARM  |h A1:AN26B0  |i B08996  |p 0423387  |f BK 
082 0 4 |a 827.3 
999 f f |i 09ff430d-aed8-571d-b3dd-43c60834aea5  |s 2f73b082-9b80-5fed-a815-15b3b2802666 
952 f f |p Can circulate  |a CAVAL  |b CAVAL  |c CAVAL  |d CARM 1 Store  |e B08996  |f A1:AN26B0  |h Other scheme  |i book  |m 0423387